00420 a2200109 4500001001000000005001700010008004100027245010500068100002200173773009800195999001700293ART_4461920260410162018.0260409a 10aConclusiones y recomendaciones de las XXVI Jornadas Nacionales de Derecho Civil en materia sucesoria1 aMerlo, Leandro M.0 tTemas de derecho de familia, sucesiones y bioéticag- Año 2, Nº 11 (nov. 2017)wREV41029 c32807d32807